Left 4 Dead - All Chapters quiz - Statistics

General Stats
  • This quiz has been taken 110 times
  • The average score is 23 of 55
Answer Stats
Campaign Chapter % Correct
No Mercy Rooftop Finale
80%
No Mercy The Hospital
80%
Dead Center The Mall
80%
Blood Harvest The Bridge
79%
The Parish The Bridge
79%
Dead Center The Streets
77%
No Mercy The Sewer
75%
Dead Center The Hotel
71%
Dark Carnival Concert Finale
68%
No Mercy The Subway
64%
No Mercy The Apartments
63%
Dark Carnival The Highway
63%
Dead Center Atrium Finale
59%
Dead Air The Runway Finale
57%
Swamp Fever Plantation Finale
54%
Death Toll The Church
54%
Blood Harvest The Tunnel
52%
Swamp Fever The Swamp
50%
Death Toll The Town
50%
Blood Harvest Farmhouse Finale
48%
Dead Air The Greenhouse
48%
Dead Air The Terminal
48%
Death Toll Boathouse Finale
46%
Hard Rain The Sugar Mill
46%
The Sacrifice Port Finale
45%
The Passing The Port
45%
Dead Air The Construction Site
41%
The Parish The Park
41%
Dark Carnival The Barns
39%
Blood Harvest The Woods
39%
Dark Carnival The Coaster
36%
Dead Air The Crane
36%
Dark Carnival The Fairground
34%
Blood Harvest The Train Station
34%
The Parish The Quarter
32%
Crash Course The Alleys
30%
Death Toll The Drains
29%
Hard Rain The Milltown
29%
Hard Rain Return to Town
27%
Death Toll The Turnpike
27%
The Passing The Underground
27%
Crash Course Truck Depot Finale
27%
Swamp Fever Plank Country
25%
The Sacrifice The Barge
23%
The Sacrifice The Docks
23%
Swamp Fever The Shantytown
23%
The Parish The Waterfront
20%
Cold Stream Alpine Creek
16%
Cold Stream Cut Throat Creek
16%
Cold Stream Memorial Bridge
16%
The Parish The Cemetery
16%
The Passing The Riverbank
16%
Hard Rain Town Escape
14%
Hard Rain Mill Escape
13%
Cold Stream South Pine Stream
11%
No matching quizzes found
Score Distribution
Percent of People with Each Score
Percentile by Number Answered
Your Score History
You have not taken this quiz